[Event "Michigan Amateur"]
[Site "Flint, MI"]
[Date "1999.07.17"]
[Round "1"]
[White "Kitts, Gary"]
[Black "Griffin, John"]
[Result "1/2-1/2"]
[WhiteElo "1962"]
[BlackElo "1500"]
[PlyCount "126"]
[EventDate "1999.07.17"]

1. e4 c5 2. Nf3 Nc6 3. Nc3 e6 4. g3 g6 5. Bg2 Bg7 6. d3 Nge7 7. Be3 d6 8. Qd2
Nd4 9. O-O-O Rb8 10. Bh6 Bxh6 11. Qxh6 Nec6 12. Rhe1 Nxf3 13. Bxf3 Nd4 14. Bg2
b5 15. Qg7 Ke7 16. Nd5+ Kd7 17. Qxf7+ Kc6 18. Ne7+ Kb6 19. Nxc8+ Rxc8 20. e5
Rc7 21. Qf4 Rf8 22. Qe3 d5 23. f4 Nf5 24. Qd2 d4 25. Kb1 Rff7 26. Be4 Rfd7 27.
Bxf5 gxf5 28. a3 a6 29. h3 Qg8 30. Rg1 Qa8 31. Qf2 a5 32. g4 fxg4 33. hxg4 Rg7
34. f5 Rcf7 35. f6 Qg8 36. Qh4 Rg5 37. Rd2 Rxe5 38. g5 Rxf6 39. Qg3 Rff5 40. g6
Qxg6 41. Qxg6 hxg6 42. Rxg6 Rg5 43. Rg2 Rxg2 44. Rxg2 c4 45. Kc1 Rf5 46. Rg6
Re5 47. Kd2 Kc5 48. Rg8 Kb6 49. Rg6 a4 50. Rh6 cxd3 51. cxd3 Kc5 52. Rh8 Rd5
53. Re8 e5 54. Rc8+ Kb6 55. Re8 Kc7 56. Ra8 Rd7 57. Re8 Kd6 58. Rb8 Kc6 59. Re8
Rd5 60. Rc8+ Kd7 61. Rb8 Ke7 62. Rb7+ Kd6 63. Rb8 Kc7 1/2-1/2

[Event "Michigan Amateur"]
[Site "Flint, MI"]
[Date "1999.07.17"]
[Round "1"]
[White "June, Brian"]
[Black "Poniatowski, Don"]
[Result "1-0"]
[WhiteElo "1700"]
[BlackElo "1235"]
[PlyCount "79"]
[EventDate "1999.07.17"]

1. e4 Nf6 2. Nc3 d5 3. exd5 Nxd5 4. Bc4 Nb6 5. Bb3 Nc6 6. Nge2 Bf5 7. a4 a5 8.
O-O e6 9. d3 Bd6 10. Ng3 Bg6 11. Be3 O-O 12. Nb5 Nd5 13. Qe2 Bxg3 14. fxg3 Nxe3
15. Qxe3 Qe7 16. c3 h6 17. Rae1 Kh8 18. d4 Na7 19. Nxa7 Rxa7 20. Bc4 Raa8 21.
d5 e5 22. Qxe5 Qc5+ 23. Qd4 Qxd4+ 24. cxd4 Rae8 25. Bb5 Rxe1 26. Rxe1 Rd8 27.
Bc4 Rd7 28. Re8+ Kh7 29. Ra8 Be4 30. Rxa5 g5 31. Kf2 g4 32. h3 f5 33. b3 h5 34.
Rb5 c6 35. dxc6 bxc6 36. Re5 Rxd4 37. Ke3 Rd1 38. hxg4 hxg4 39. Kf4 Kg7 40. Kg5
$138 1-0

[Event "Michigan Amateur"]
[Site "Flint, MI"]
[Date "1999.07.17"]
[Round "3"]
[White "June, Brian"]
[Black "Jendras, Gerard"]
[Result "0-1"]
[WhiteElo "1700"]
[BlackElo "1847"]
[PlyCount "100"]
[EventDate "1999.07.17"]

1. e4 e5 2. Nf3 Nc6 3. Nc3 Nf6 4. d4 exd4 5. Nxd4 Bb4 6. Bg5 h6 7. Nxc6 Bxc3+
8. bxc3 bxc6 9. Bxf6 Qxf6 10. Qd4 Qg6 11. g3 O-O 12. Bg2 d6 13. O-O c5 14. Qd3
Rb8 15. Rab1 Rb6 16. Rxb6 axb6 17. f4 Qe6 18. Ra1 Bb7 19. c4 Ba6 20. Bf1 Re8
21. Qa3 Bxc4 22. Bg2 Bb5 23. Qa7 Qd7 24. Rd1 Bc6 25. Qa3 Bxe4 26. Bxe4 Rxe4 27.
Qa8+ Qe8 28. Qb7 Re2 29. Qf3 Qe3+ 30. Qxe3 Rxe3 31. Kf2 Ra3 32. Re1 Kf8 33. Ra1
Ke7 34. Ke2 d5 35. Kd2 d4 36. Kc1 Rf3 37. Kb2 Rf2 38. Re1+ Kd6 39. Re8 Rxh2 40.
Rg8 Kd5 41. Rxg7 d3 42. Rxf7 Rxc2+ 43. Kb1 Rg2 44. Rd7+ Kc4 45. Re7 Re2 46.
Rxc7 Kc3 47. a4 d2 48. Rd7 Re1+ 49. Ka2 d1=Q 50. Rxd1 Rxd1 0-1

[Event "Michigan Amateur"]
[Site "Flint, MI"]
[Date "1999.07.17"]
[Round "2"]
[White "Jones, Mark"]
[Black "Skidmore, Mike"]
[Result "0-1"]
[WhiteElo "1529"]
[BlackElo "1839"]
[PlyCount "66"]
[EventDate "1999.07.17"]

1. e4 c6 2. Nc3 d5 3. exd5 cxd5 4. d4 Nf6 5. Bf4 a6 6. Nf3 Bg4 7. h3 Bh5 8. g4
Bg6 9. Bd3 Bxd3 10. Qxd3 Nc6 11. Ne5 Nb4 12. Qd2 e6 13. a3 Nc6 14. b4 Qb6 15.
Nxc6 Qxc6 16. Ne2 Rc8 17. Qe3 Be7 18. f3 Qa4 19. c3 O-O 20. h4 Nd7 21. h5 Nb6
22. g5 Nc4 23. Qd3 Nxa3 24. Kf2 Qb5 25. c4 Nxc4 26. g6 Nb2 27. Qxb5 axb5 28. h6
fxg6 29. hxg7 Rf7 30. Ra7 Nd3+ 31. Kg3 Nxf4 32. Nxf4 Bd6 33. Re1 Bxf4+ $138 0-1

[Event "Michigan Amateur"]
[Site "Flint, MI"]
[Date "1999.07.17"]
[Round "2"]
[White "Jendras, Gerard"]
[Black "Thompson, Dean"]
[Result "1-0"]
[WhiteElo "1847"]
[BlackElo "1515"]
[PlyCount "37"]
[EventDate "1999.07.17"]

1. e4 e5 2. Bc4 Nf6 3. Nf3 Nc6 4. Ng5 d5 5. exd5 Nxd5 6. d4 exd4 7. O-O Be7 8.
Nxf7 Kxf7 9. Qf3+ Ke8 10. Bxd5 Ne5 11. Qh5+ Ng6 12. Re1 Rf8 13. Bc4 Qd6 14. Na3
Qf6 15. Bg5 Qxf2+ 16. Kh1 Kd8 17. Rf1 Nf4 18. Rxf2 Nxh5 19. Rxf8+ 1-0

[Event "Michigan Amateur"]
[Site "Flint, MI"]
[Date "1999.07.17"]
[Round "2"]
[White "Horwood, Rob"]
[Black "Reist, Douglas"]
[Result "0-1"]
[WhiteElo "1079"]
[BlackElo "1382"]
[PlyCount "136"]
[EventDate "1999.07.17"]

1. e4 c6 2. Nf3 d5 3. e5 Bf5 4. d4 e6 5. Be2 Nd7 6. O-O c5 7. c3 Ne7 8. Bd3 c4
9. Bxf5 Nxf5 10. Re1 Be7 11. Be3 O-O 12. b3 b5 13. bxc4 bxc4 14. Qd2 h6 15. Qe2
Rb8 16. Nfd2 Rb2 17. Qg4 Nxe3 18. Rxe3 Bg5 19. f4 Be7 20. Rg3 g6 21. Rh3 Kg7
22. Rf3 f5 23. Qh3 Nb6 24. Rg3 Rc2 25. Qh5 Qe8 26. Qd1 Rb2 27. Qc1 Na4 28. Nf1
Qf7 29. Qd1 Rfb8 30. Qxa4 Bh4 31. Qd1 Bxg3 32. Nxg3 Qb7 33. Nd2 a5 34. a4 Qd7
35. Ne2 R8b6 36. h3 Qb7 37. Kh2 h5 38. Kg3 Qe7 39. Rb1 Rxd2 40. Qxd2 Rxb1 41.
Qc2 Rb3 42. Nc1 Ra3 43. Kf3 Qd7 44. g4 Qxa4 45. Qb2 Qd1+ 46. Kg2 Rb3 47. Qa1
Qc2+ 48. Kf1 Rxc3 49. Ne2 Rxh3 50. Qxa5 Qd1+ 51. Kf2 Rh2+ 52. Kg3 hxg4 53. Kxh2
Qxe2+ 54. Kg1 Qe3+ 55. Kg2 c3 56. Qc7+ Kh6 57. Qe7 Qxf4 58. Qh4+ Kg7 59. Qf6+
Kh7 60. Qf7+ Kh6 61. Qf8+ Kh5 62. Qh8+ Qh6 63. Qc8 Qd2+ 64. Kf1 c2 65. Qh8+ Kg5
66. Qf6+ Kf4 67. Qg5+ Kxg5 68. Kg1 c1=R# 0-1

[Event "Michigan Amateur"]
[Site "Flint, MI"]
[Date "1999.07.17"]
[Round "2"]
[White "Hill, Brad"]
[Black "Aldrich, Justin"]
[Result "1/2-1/2"]
[WhiteElo "1722"]
[BlackElo "1500"]
[PlyCount "151"]
[EventDate "1999.07.17"]

1. d4 d5 2. c4 c6 3. Nc3 Nf6 4. Bg5 Bf5 5. e3 Nbd7 6. Nf3 h6 7. Bf4 e6 8. a3
Be7 9. cxd5 cxd5 10. Bd3 Bxd3 11. Qxd3 a6 12. O-O Rc8 13. Rfc1 O-O 14. b4 Nb6
15. Nd2 Bd6 16. Bxd6 Qxd6 17. Nb3 Nc4 18. Nc5 b6 19. Nxa6 Ra8 20. b5 Nxa3 21.
Nxd5 Nxd5 22. Qxa3 Qxa3 23. Rxa3 Nb4 24. g3 Nxa6 25. bxa6 Ra7 26. Rc6 Rb8 27.
e4 Kf8 28. Kg2 Ke7 29. e5 Rd8 30. Ra4 b5 31. Rb4 Rd5 32. Rb6 Kd8 33. R6xb5 Rxb5
34. Rxb5 Rxa6 35. Rb7 Ke8 36. Rb2 Ra4 37. Rd2 Ra5 38. Kf3 Kd7 39. h4 Ra3+ 40.
Ke4 Ra4 41. g4 Rb4 42. Rd3 Rb2 43. Ke3 Rb5 44. Ra3 Rb8 45. f3 g6 46. Ra7+ Ke8
47. Ra2 Rb3+ 48. Ke4 Kf8 49. Rd2 Ra3 50. Rd1 Ra4 51. Rb1 Ra3 52. Rb2 Ra4 53. f4
Ra3 54. f5 gxf5+ 55. gxf5 Rh3 56. fxe6 fxe6 57. Rf2+ Ke7 58. Rf4 h5 59. d5
exd5+ 60. Kxd5 Rh1 61. Ra4 Rd1+ 62. Rd4 Re1 63. Ra4 Rd1+ 64. Rd4 Re1 65. Rf4
Rd1+ 66. Ke4 Re1+ 67. Kf5 Re2 68. Re4 Rg2 69. Re3 Rg1 70. Re4 Rg2 71. e6 Rg1
72. Re2 Rg3 73. Ke5 Rg1 74. Ra2 Re1+ 75. Kf5 Rf1+ 76. Kg5 1/2-1/2

[Event "Michigan Amateur"]
[Site "Flint, MI"]
[Date "1999.07.17"]
[Round "2"]
[White "Henry, Robynne"]
[Black "Kitts, Gary"]
[Result "1-0"]
[WhiteElo "1308"]
[BlackElo "1962"]
[PlyCount "79"]
[EventDate "1999.07.17"]

1. e4 e6 2. d4 d5 3. e5 c5 4. c3 Nc6 5. Nf3 Qb6 6. Be2 Bd7 7. O-O O-O-O 8. b3
Nge7 9. dxc5 Qxc5 10. Be3 Qa5 11. b4 Qc7 12. b5 Nxe5 13. Nxe5 Qxe5 14. Bxa7 Nf5
15. Nd2 Bd6 16. Nf3 Qf6 17. a4 g5 18. a5 g4 19. Nd4 Qh4 20. f4 Ne3 21. Qe1 Qxe1
22. Rfxe1 Bxf4 23. Bd3 Nc4 24. Bxc4 dxc4 25. Ra4 b6 26. Rxc4+ Kb7 27. Bxb6 Rc8
28. Nc6 Bc7 29. Bd4 e5 30. a6+ Ka8 31. Nxe5 Bxb5 32. Rb4 Rb8 33. Nxf7 Rhc8 34.
Ng5 h6 35. Nf7 h5 36. a7 Rb7 37. c4 Bxc4 38. Rxc4 Bxh2+ 39. Kxh2 Rxc4 40. Re8+
1-0

[Event "Michigan Amateur"]
[Site "Flint, MI"]
[Date "1999.07.17"]
[Round "3"]
[White "Henry, Robynne"]
[Black "Hill, Brad"]
[Result "0-1"]
[WhiteElo "1308"]
[BlackElo "1722"]
[PlyCount "126"]
[EventDate "1999.07.17"]

1. e4 c5 2. Nf3 Nc6 3. Bc4 g6 4. O-O Bg7 5. c3 e6 6. d4 d5 7. exd5 exd5 8. Bb5
cxd4 9. Nxd4 Nge7 10. Bg5 f6 11. Bf4 O-O 12. Nd2 Nxd4 13. cxd4 a6 14. Ba4 Qb6
15. Bb3 Be6 16. Re1 Rfe8 17. Qf3 f5 18. Be5 Bxe5 19. dxe5 Rac8 20. Rad1 Rc5 21.
Nb1 Rec8 22. Nc3 Qc6 23. Rd4 Qd7 24. Red1 Nc6 25. R4d2 d4 26. Bxe6+ Qxe6 27.
Ne2 Rxe5 28. h3 Rd8 29. Nxd4 Re1+ 30. Kh2 Nxd4 31. Qxb7 Rxd1 32. Rxd1 Qe5+ 33.
Kh1 Qe2 34. Rxd4 Qe1+ 35. Kh2 Qe5+ 36. Kg1 Qxd4 37. Qxa6 Qd1+ 38. Qf1 Qxf1+ 39.
Kxf1 Rd2 40. b4 Rxa2 41. g3 Kf7 42. Kg2 Ke6 43. Kf3 Ke5 44. b5 Rb2 45. g4 fxg4+
46. Kxg4 Rxb5 47. Kg5 h5 48. Kxg6 Kf4 49. h4 Rd5 50. Kh6 Kf5 51. Kxh5 Rd8 52.
Kh6 Kf6 53. Kh5 Rg8 54. f4 Rg2 55. Kh6 Rg4 56. h5 Kf7 57. f5 Rg1 58. Kh7 Rg8
59. h6 Rb8 60. f6 Rb6 61. Kh8 Kg6 62. f7 Rb8+ 63. f8=Q Rxf8# 0-1

[Event "Michigan Amateur"]
[Site "Flint, MI"]
[Date "1999.07.17"]
[Round "2"]
[White "Hazzard, Bill"]
[Black "Aldrich, Jeff"]
[Result "0-1"]
[WhiteElo "1697"]
[BlackElo "1934"]
[PlyCount "82"]
[EventDate "1999.07.17"]

1. e4 c6 2. Nc3 d5 3. exd5 cxd5 4. d4 Nf6 5. Nf3 Nc6 6. Bd3 Bg4 7. Be3 e6 8.
O-O Bd6 9. Be2 O-O 10. h3 Bxf3 11. Bxf3 a6 12. g3 Rc8 13. Ne2 b5 14. c3 b4 15.
a3 bxa3 16. bxa3 Na5 17. Qd3 Nc4 18. a4 Rb8 19. Rfb1 Qc7 20. Nf4 a5 21. Bg2 Na3
22. Rxb8 Rxb8 23. Bc1 Rb3 24. Ne2 Nc4 25. f4 Qb6 26. Kh2 Ba3 27. Bxa3 Nxa3 28.
g4 Nc4 29. Bf3 Rb2 30. Kg3 Rd2 31. Qb1 Qc7 32. g5 Ne4+ 33. Bxe4 Rxe2 34. Bxh7+
Kf8 35. Bd3 Re3+ 36. Kg4 f5+ 37. gxf6 gxf6 38. h4 Nd6 39. Qc2 f5+ 40. Kh5 Qh7+
41. Kg5 Rg3+ 0-1

[Event "Michigan Amateur"]
[Site "Flint, MI"]
[Date "1999.07.17"]
[Round "2"]
[White "Halstead, Kevin"]
[Black "Evans Jr., Thomas"]
[Result "1-0"]
[WhiteElo "1704"]
[BlackElo "1232"]
[PlyCount "97"]
[EventDate "1999.07.17"]

1. e4 e6 2. d4 d5 3. exd5 exd5 4. Nf3 Nf6 5. Bg5 Be7 6. h3 O-O 7. Bd3 c5 8.
dxc5 Bxc5 9. O-O Be6 10. Nbd2 Be7 11. Nb3 Nc6 12. c3 a6 13. Nbd4 Ne4 14. Bxe7
Qxe7 15. Re1 Nf6 16. Ng5 Nd8 17. Bf5 Ne4 18. Nxe4 dxe4 19. Bxe4 Qg5 20. Nxe6
Nxe6 21. Qg4 Qxg4 22. hxg4 Rab8 23. Rad1 Rfd8 24. Kf1 g6 25. g3 b5 26. Ke2 Kg7
27. Rxd8 Rxd8 28. Rd1 Rxd1 29. Kxd1 Nc5 30. Bc2 Kf6 31. f4 g5 32. Ke2 h6 33.
Ke3 Ke6 34. Kd4 Kd6 35. Bb3 Nxb3+ 36. axb3 gxf4 37. gxf4 f6 38. f5 Kc6 39. b4
Kd6 40. b3 Kc6 41. c4 Kd6 42. Ke4 Kc6 43. Kf4 Kd6 44. Kg3 bxc4 45. bxc4 Ke5 46.
Kh4 Kd4 47. c5 Kc4 48. c6 Kxb4 49. c7 1-0

[Event "Michigan Amateur"]
[Site "Flint, MI"]
[Date "1999.07.17"]
[Round "2"]
[White "Griffin, John"]
[Black "Rotberg, Victor"]
[Result "0-1"]
[WhiteElo "1500"]
[BlackElo "1750"]
[PlyCount "82"]
[EventDate "1999.07.17"]

1. d4 Nf6 2. c4 e6 3. g3 c5 4. d5 exd5 5. cxd5 d6 6. Nc3 Be7 7. Nf3 O-O 8. Bg2
Bf5 9. O-O Qd7 10. Re1 b5 11. Nh4 Bg4 12. f3 Bh5 13. g4 Bg6 14. Nxg6 hxg6 15.
h3 b4 16. Ne4 Nxe4 17. fxe4 Bh4 18. Rf1 Qe7 19. Qc2 Nd7 20. Bd2 Ne5 21. Be1
Rfc8 22. b3 Bxe1 23. Raxe1 c4 24. Rc1 Qg5 25. bxc4 Rxc4 26. Qd1 Qe3+ 27. Kh2
Rxc1 28. Qxc1 Qxe2 29. Qb1 Rc8 30. Rc1 Rxc1 31. Qxc1 Nc4 32. Kg1 Ne3 33. Bf1
Nxf1 34. Qxf1 Qxa2 35. Qb5 Qb1+ 36. Kh2 Qc2+ 37. Kg1 Qc5+ 38. Qxc5 dxc5 39. Kf2
b3 40. Ke3 b2 41. d6 b1=Q 0-1

[Event "Michigan Amateur"]
[Site "Flint, MI"]
[Date "1999.07.17"]
[Round "1"]
[White "Gibbs, Tony"]
[Black "Vandivier, Don"]
[Result "0-1"]
[WhiteElo "1406"]
[BlackElo "1927"]
[PlyCount "60"]
[EventDate "1999.07.17"]

1. e4 c5 2. Nf3 Nc6 3. Bc4 g6 4. d3 Bg7 5. O-O d6 6. Be3 Bxb2 7. Nc3 Bxc3 8.
Rb1 Nf6 9. Bh6 e6 10. Rb3 Be5 11. Bg7 Rg8 12. Bh6 a6 13. a4 Na5 14. Rb1 Nxc4
15. dxc4 Nxe4 16. Bd2 Nxd2 17. Qxd2 g5 18. Rfe1 Bf4 19. Qd3 Qf6 20. g3 g4 21.
Nh4 h5 22. Ng2 Be5 23. Rf1 Bd7 24. f4 Bd4+ 25. Ne3 Bc6 26. Rb3 h4 27. c3 hxg3
28. hxg3 Bxe3+ 29. Qxe3 Qh6 30. Rf2 Qh1# 0-1

[Event "Michigan Amateur"]
[Site "Flint, MI"]
[Date "1999.07.17"]
[Round "3"]
[White "Gibbs, Tony"]
[Black "Feller, Brad"]
[Result "0-1"]
[WhiteElo "1406"]
[BlackElo "815"]
[PlyCount "64"]
[EventDate "1999.07.17"]

1. e4 e5 2. Nf3 Nc6 3. Bc4 Nf6 4. d3 d5 5. exd5 Nxd5 6. O-O Be6 7. Ng5 Qd7 8.
Nxe6 Qxe6 9. Re1 f6 10. Qh5+ Ke7 11. b3 Nd4 12. Ba3+ Kd7 13. Rc1 Bxa3 14. Nxa3
Qc6 15. Qf7+ Kd6 16. c3 Ne2+ 17. Kf1 a6 18. Kxe2 Nf4+ 19. Kd2 Qxg2 20. Rf1 b5
21. Bxb5 axb5 22. Nxb5+ Kc6 23. Nxc7 Qf3 24. Qc4+ Kb7 25. Rae1 Rxa2+ 26. Kc1
Nxd3+ 27. Kb1 Rb2+ 28. Ka1 Nxe1 29. Kxb2 Nd3+ 30. Ka1 Qc6 31. Qxc6+ Kxc6 32.
Ne6 Ra8+ 0-1

[Event "Michigan Amateur"]
[Site "Flint, MI"]
[Date "1999.07.17"]
[Round "1"]
[White "Feller, Brad"]
[Black "Saulmon, Scott"]
[Result "0-1"]
[WhiteElo "815"]
[BlackElo "1526"]
[PlyCount "60"]
[EventDate "1999.07.17"]

1. e4 e6 2. Nf3 d5 3. e5 c5 4. d4 Nc6 5. Bb5 Bd7 6. Bxc6 Bxc6 7. c3 Bb5 8. Be3
b6 9. Qb3 Qd7 10. Na3 Ba4 11. Qxa4 Qxa4 12. O-O Ne7 13. dxc5 Nf5 14. Rfe1 Nxe3
15. Rxe3 Bxc5 16. b4 Bxe3 17. fxe3 Qxa3 18. Rf1 Rc8 19. Rf2 Rxc3 20. Rf1 Rc1
21. Rxc1 Qxc1+ 22. Kf2 Ke7 23. Ke2 Rc8 24. Kf2 Rc2+ 25. Kg3 Qxe3 26. h4 Qf2+
27. Kg4 Qxg2+ 28. Kf4 Rf2 29. Ke3 Qxf3+ 30. Kd4 Rd2# 0-1

[Event "Michigan Amateur"]
[Site "Flint, MI"]
[Date "1999.07.17"]
[Round "1"]
[White "Evans Sr., Thomas"]
[Black "Robertson, John"]
[Result "1-0"]
[WhiteElo "1895"]
[BlackElo "1393"]
[PlyCount "117"]
[EventDate "1999.07.17"]

1. e4 e5 2. Bc4 Nf6 3. Nc3 Nc6 4. a3 Bc5 5. d3 h6 6. Nf3 d6 7. h3 O-O 8. O-O
Be6 9. Nd5 Bxd5 10. Bxd5 Nxd5 11. exd5 Ne7 12. c4 Nf5 13. b4 Bb6 14. Bd2 Re8
15. Qc1 Nd4 16. Nxd4 Bxd4 17. Bc3 Qh4 18. Bxd4 Qxd4 19. Qe3 Re7 20. Qxd4 exd4
21. Rfe1 Rae8 22. Rxe7 Rxe7 23. Kf1 Re5 24. Re1 b6 25. Re4 Rxe4 26. dxe4 Kf8
27. Ke2 Ke7 28. Kd3 Kd7 29. Kxd4 f6 30. Ke3 Ke7 31. Kf4 g6 32. h4 Kf7 33. Ke3
Ke7 34. Kd4 Kd7 35. f4 Ke8 36. c5 Kd7 37. cxd6 cxd6 38. e5 fxe5+ 39. fxe5 dxe5+
40. Kxe5 g5 41. hxg5 hxg5 42. g4 a5 43. bxa5 bxa5 44. a4 Ke7 45. d6+ Kd7 46.
Kd5 Kd8 47. Ke6 Ke8 48. Kf6 Kd7 49. Kxg5 Kxd6 50. Kf6 Kc5 51. g5 Kb4 52. g6
Kxa4 53. g7 Ka3 54. g8=Q a4 55. Qb8 Ka2 56. Ke5 a3 57. Kd4 Ka1 58. Kc3 a2 59.
Qb2# 1-0

[Event "Michigan Amateur"]
[Site "Flint, MI"]
[Date "1999.07.17"]
[Round "3"]
[White "Evans Jr., Thomas"]
[Black "Young, Corneil"]
[Result "0-1"]
[WhiteElo "1232"]
[BlackElo "1185"]
[PlyCount "100"]
[EventDate "1999.07.17"]

1. d4 d5 2. c4 e6 3. e3 Nf6 4. Nc3 Nc6 5. a3 Be7 6. Nf3 O-O 7. Be2 Bd7 8. O-O
Re8 9. cxd5 exd5 10. Qb3 Na5 11. Qd1 Bg4 12. Ne5 Bxe2 13. Qxe2 a6 14. Bd2 Nb3
15. Rab1 Nxd2 16. Qxd2 Bd6 17. Nf3 Ne4 18. Qd3 c6 19. Nd2 Nxd2 20. Qxd2 Qc7 21.
g3 Re6 22. Rfe1 Rae8 23. Re2 b5 24. b4 a5 25. Na2 Ra8 26. Qc2 h5 27. Nc3 h4 28.
Qf5 hxg3 29. hxg3 Bxg3 30. fxg3 Qxg3+ 31. Rg2 Qxe3+ 32. Qf2 Qxc3 33. Rf1 Qe3
34. Qxe3 Rxe3 35. Rf6 Rc3 36. Rd6 axb4 37. axb4 Raa3 38. Rd8+ Kh7 39. Rh2+ Rh3
40. Rxh3+ Rxh3 41. Rd6 Rc3 42. Rd7 Kg6 43. Rc7 Rc4 44. Kf2 f6 45. Ke3 Kh6 46.
Kf3 g6 47. Rc8 f5 48. Kf4 Rxd4+ 49. Ke5 Rc4 50. Rf8 Rxb4 0-1

[Event "Michigan Amateur"]
[Site "Flint, MI"]
[Date "1999.07.17"]
[Round "1"]
[White "Evans Jr., Thomas"]
[Black "Hazzard, Bill"]
[Result "0-1"]
[WhiteElo "1232"]
[BlackElo "1697"]
[PlyCount "90"]
[EventDate "1999.07.17"]

1. d4 d5 2. c4 e6 3. e3 c5 4. Nf3 Nf6 5. Nc3 Nc6 6. Be2 Be7 7. O-O O-O 8. cxd5
exd5 9. a3 Be6 10. Bd3 c4 11. Bc2 a6 12. b3 cxb3 13. Bxb3 Na5 14. Bc2 Nc4 15.
a4 Qa5 16. Qd3 Nd6 17. Bd2 Qc7 18. Qe2 Nde4 19. Bxe4 Nxe4 20. Nxe4 dxe4 21. Ne1
Bd5 22. f3 f5 23. Nc2 Qxc2 24. f4 Bc4 25. Qd1 Qxd1 26. Rfxd1 b5 27. axb5 axb5
28. Rab1 Rab8 29. Bb4 Bxb4 30. Rxb4 Rfd8 31. Rc1 Rbc8 32. Re1 Bd3 33. h3 Rc2
34. Ra1 Re2 35. Ra7 Rxe3 36. Ra2 Re2 37. Rxe2 Bxe2 38. Kf2 Bc4 39. Ke3 Kf7 40.
g4 g6 41. gxf5 gxf5 42. Rb2 Ke6 43. h4 Rg8 44. Rd2 Rg3+ 45. Kf2 Rf3+ 0-1

[Event "Michigan Amateur"]
[Site "Flint, MI"]
[Date "1999.07.17"]
[Round "2"]
[White "Emke, Robert"]
[Black "Saulmon, Scott"]
[Result "1-0"]
[WhiteElo "1816"]
[BlackElo "1526"]
[PlyCount "80"]
[EventDate "1999.07.17"]

1. e3 Nf6 2. d4 g6 3. c4 Bg7 4. Bd3 O-O 5. Nc3 d6 6. Nf3 Nbd7 7. Qc2 e5 8. dxe5
dxe5 9. e4 Nxe4 10. Bxe4 f5 11. Bd5+ Kh8 12. Ng5 Qe7 13. Ne6 Nb6 14. Nxf8 Qxf8
15. Bf3 c6 16. b3 e4 17. Be2 Be6 18. Bb2 Nd7 19. O-O Nf6 20. Rad1 Re8 21. Qd2
Bh6 22. Qd6 Qf7 23. Rfe1 Kg8 24. Bf1 Ng4 25. h3 Nf6 26. Na4 Bf8 27. Qd4 Bg7 28.
Qxa7 f4 29. Bxf6 Bxf6 30. Rxe4 Bh4 31. Rde1 Bd7 32. Rxe8+ Bxe8 33. Qa8 Kf8 34.
Nc5 Be7 35. Ne6+ Kg8 36. Nxf4 Kg7 37. Qxb7 Qxf4 38. Rxe7+ Bf7 39. Rxf7+ Qxf7
40. Qxf7+ Kxf7 1-0

[Event "Michigan Amateur"]
[Site "Flint, MI"]
[Date "1999.07.17"]
[Round "4"]
[White "Emke, Robert"]
[Black "Hill, Brad"]
[Result "1/2-1/2"]
[WhiteElo "1816"]
[BlackElo "1722"]
[PlyCount "53"]
[EventDate "1999.07.17"]

1. e3 Nf6 2. d4 g6 3. c4 Bg7 4. Nc3 O-O 5. Bd3 d6 6. Nf3 Nbd7 7. Qc2 e5 8. dxe5
Nxe5 9. Be2 Re8 10. O-O c6 11. Rd1 Qc7 12. h3 Be6 13. b3 Rad8 14. Bb2 Bf5 15.
Qd2 Kh8 16. Rac1 Ng8 17. Qe1 Ne7 18. Rd2 Be6 19. Rcd1 d5 20. cxd5 Nxd5 21. Nxe5
Bxe5 22. Nxd5 Rxd5 23. Bf3 Rxd2 24. Bxe5+ Qxe5 25. Qxd2 Kg7 26. Qd4 Qxd4 27.
Rxd4 1/2-1/2

[Event "Michigan Amateur"]
[Site "Flint, MI"]
[Date "1999.07.17"]
[Round "1"]
[White "Duncan, Robert"]
[Black "Horwood, Rob"]
[Result "1-0"]
[WhiteElo "1591"]
[BlackElo "1079"]
[PlyCount "189"]
[EventDate "1999.07.17"]

1. d4 d5 2. Nf3 Nf6 3. Bg5 e6 4. e3 Be7 5. Bd3 Nc6 6. c3 O-O 7. O-O Re8 8. Re1
h6 9. Bh4 b6 10. Nbd2 Bb7 11. Qc2 Bd6 12. e4 Be7 13. Bxf6 Bxf6 14. e5 Bg5 15.
Nxg5 Qxg5 16. Nf3 Qe7 17. Re2 Nb8 18. b4 c5 19. bxc5 bxc5 20. Qb1 c4 21. Bc2
Na6 22. Ba4 Rec8 23. Rb2 Bc6 24. Bxc6 Rxc6 25. Rb7 Rc7 26. Rxc7 Qxc7 27. Qc2
Rb8 28. Rb1 Rxb1+ 29. Qxb1 Qb6 30. Qc2 Qa5 31. Kf1 Nc7 32. Ke2 Nb5 33. Kd2 g5
34. g4 Kf8 35. h4 gxh4 36. Nxh4 Qd8 37. Nf3 f6 38. Qg6 fxe5 39. Qxh6+ Ke7 40.
Qg7+ Kd6 41. Qxe5+ Ke7 42. Qg5+ Kd7 43. Ne5+ Kc8 44. Qg6 Nc7 45. Nc6 Qf8 46.
Ke2 Qa3 47. Qc2 Nb5 48. Kd2 Qd6 49. Ne5 Qf8 50. Ke2 Qa3 51. Kd2 Qf8 52. f3 Qf4+
53. Ke2 Qh2+ 54. Kd1 Qg1+ 55. Kd2 Qf2+ 56. Kc1 Qe1+ 57. Kb2 Qe3 58. a4 Nd6 59.
Qc1 Qe2+ 60. Ka3 a5 61. Qb2 Qe1 62. Ka2 Kc7 63. Qc2 Qh4 64. Qe2 Qh7 65. Qg2 Nf7
66. Nxf7 Qxf7 67. Qg3+ Kd8 68. Qb8+ Ke7 69. Qc7+ Kf8 70. Qxf7+ Kxf7 71. f4 Kf6
72. Kb2 Kg6 73. Kc2 Kf6 74. Kd2 Kg6 75. Ke3 Kf6 76. Kf3 Kg6 77. Kg3 Kf6 78. Kh4
Kg6 79. g5 Kh7 80. Kh5 Kg7 81. g6 Kh8 82. Kh6 Kg8 83. g7 e5 84. fxe5 Kf7 85.
Kh7 Ke6 86. g8=Q+ Kf5 87. Qxd5 Kf4 88. Qxc4 Kg3 89. e6 Kf3 90. e7 Ke3 91. e8=Q+
Kd2 92. Qee2+ Kc1 93. Qe1+ Kc2 94. Qa2+ Kd3 95. Qae2# 1-0

[Event "Michigan Amateur"]
[Site "Flint, MI"]
[Date "1999.07.17"]
[Round "2"]
[White "Councell, Keith"]
[Black "Scioly, Tony"]
[Result "0-1"]
[WhiteElo "1256"]
[BlackElo "1527"]
[PlyCount "90"]
[EventDate "1999.07.17"]

1. e4 c5 2. Nf3 d6 3. Nc3 g6 4. Bc4 Nc6 5. O-O Nf6 6. d4 cxd4 7. Nxd4 Bg7 8.
Nf3 O-O 9. Re1 a6 10. Rb1 b5 11. Bd5 Nxd5 12. Nxd5 Bb7 13. Qd3 Rc8 14. a3 e6
15. Nf4 Qc7 16. h3 Ne5 17. Qd1 Qxc2 18. Bd2 Qxd1 19. Rexd1 Bxe4 20. Rbc1 Nxf3+
21. gxf3 Bxf3 22. Re1 Bxb2 23. Rxc8 Rxc8 24. Bb4 d5 25. Re3 Be4 26. f3 Bf5 27.
Kf2 Bd4 28. Ne2 Bxe3+ 29. Kxe3 Bxh3 30. Kf4 f6 31. Kg3 Bf1 32. Nf4 Kf7 33. Kg4
h5+ 34. Kg3 Rc2 35. Bd6 d4 36. a4 bxa4 37. Nxh5 gxh5 38. Kh4 d3 39. f4 Rh2+ 40.
Kg3 Rh3+ 41. Kf2 d2 42. f5 exf5 43. Be7 d1=Q 44. Bxf6 Qe2+ 45. Kg1 Qg2# 0-1

[Event "Michigan Amateur"]
[Site "Flint, MI"]
[Date "1999.07.17"]
[Round "1"]
[White "Choate, Eric"]
[Black "Moore, Robert"]
[Result "0-1"]
[WhiteElo "1168"]
[BlackElo "1600"]
[PlyCount "114"]
[EventDate "1999.07.17"]

1. e4 c5 2. Nf3 d6 3. Bb5+ Bd7 4. Bxd7+ Nxd7 5. d3 Ngf6 6. Be3 g6 7. c3 Bg7 8.
Nbd2 O-O 9. O-O Rc8 10. Nh4 Ne5 11. Qe2 e6 12. f4 Nfg4 13. Nhf3 Nxe3 14. Qxe3
Nxf3+ 15. Rxf3 Qb6 16. Nc4 Qa6 17. e5 dxe5 18. Nxe5 Rfd8 19. a3 Qb5 20. Rf2
Bxe5 21. fxe5 Qxd3 22. Qf4 Qf5 23. Qg3 Qh5 24. Raf1 Rc7 25. Qe3 Rd5 26. Re1 b6
27. Rf4 Rcd7 28. g3 Rd2 29. Rh4 Qf5 30. Re2 Rxe2 31. Qxe2 Qd3 32. Re4 Qd1+ 33.
Qxd1 Rxd1+ 34. Kf2 Kf8 35. Kf3 Kg7 36. Re2 g5 37. Kg4 h6 38. Kh5 Rf1 39. h4
gxh4 40. gxh4 Rf5+ 41. Kg4 Kg6 42. b4 h5+ 43. Kg3 f6 44. exf6 Kxf6 45. Rf2 Rxf2
46. Kxf2 Kf5 47. Kf3 e5 48. bxc5 bxc5 49. c4 a5 50. a4 e4+ 51. Ke3 Ke5 52. Kd2
Kd4 53. Ke2 e3 54. Ke1 Kd3 55. Kd1 Kxc4 56. Ke2 Kd4 57. Kd1 Kd3 0-1

[Event "Michigan Amateur"]
[Site "Flint, MI"]
[Date "1999.07.17"]
[Round "2"]
[White "Carl, Kevin"]
[Black "Yufa, Leonid"]
[Result "1-0"]
[WhiteElo "1936"]
[BlackElo "1654"]
[PlyCount "91"]
[EventDate "1999.07.17"]

1. e4 c5 2. Nc3 e6 3. f4 a6 4. Nf3 d6 5. g3 Be7 6. Bg2 Nc6 7. d4 cxd4 8. Nxd4
Bd7 9. Be3 Qc7 10. O-O Nf6 11. h3 Nxd4 12. Bxd4 e5 13. Be3 O-O 14. Qd3 Rac8 15.
Rac1 Bc6 16. Rfd1 Rfd8 17. Nd5 Bxd5 18. exd5 exf4 19. gxf4 Qc4 20. Qxc4 Rxc4
21. b3 Rc3 22. Bd4 Rg3 23. Kh2 Rg6 24. c4 Re8 25. b4 Bd8 26. Re1 Kf8 27. c5
Rxe1 28. Rxe1 Bc7 29. Be3 Bb8 30. f5 Rxg2+ 31. Kxg2 Nxd5 32. Bg1 Nxb4 33. Bh2
Nd3 34. Rd1 Nxc5 35. Rxd6 Bxd6 36. Bxd6+ Ke8 37. Bxc5 b5 38. Kf3 Kd7 39. Kf4
Kc6 40. Bf8 g6 41. f6 Kd5 42. Kg5 h5 43. Bb4 Ke6 44. a3 Ke5 45. h4 Ke6 46. Bc3
1-0

[Event "Michigan Amateur"]
[Site "Flint, MI"]
[Date "1999.07.17"]
[Round "3"]
[White "Cameron, Jay"]
[Black "Councell, Keith"]
[Result "0-1"]
[WhiteElo "1076"]
[BlackElo "1256"]
[PlyCount "52"]
[EventDate "1999.07.17"]

1. d4 c6 2. e4 d5 3. e5 Bf5 4. Bd3 Bxd3 5. cxd3 e6 6. Nf3 Ne7 7. Bg5 Qb6 8. Qd2
Nf5 9. Be3 Nd7 10. a3 Be7 11. O-O O-O 12. Nc3 f6 13. Rfc1 fxe5 14. Na4 Qc7 15.
Nc5 Bxc5 16. dxc5 h6 17. d4 e4 18. Bf4 Qd8 19. Ne5 Nxe5 20. Bxe5 Qh4 21. Rf1
Qg4 22. f3 exf3 23. Rxf3 Rae8 24. Raf1 Qg6 25. h3 Rf7 26. Rf4 h5 $138 0-1